Pays où l'on roule à gauche - Statistiques

Statistiques générales
  • Ce quiz a été pris 64 fois
  • Le résultat moyen est 34 sur 57
Statistiques - réponses
Continent Pays % Correct
Royaume-Uni
100%
Japon
94%
Europe Irlande
92%
Afrique Afrique du Sud
88%
Océanie Australie
88%
Inde
87%
Nouvelle-Zélande
81%
Indonésie
75%
Kenya
75%
Pakistan
75%
Jamaïque
73%
Lesotho
73%
Malaisie
71%
Asie Bangladesh
69%
Namibie
69%
Zimbabwe
69%
Samoa
67%
Singapour
67%
Barbade
65%
Asie Chine (Hong Kong & Macao)
65%
Eswatini
63%
Saint-Vincent-et-les-Grenadines
63%
Tanzanie
63%
Trinité-et-Tobago
63%
Tuvalu
63%
Zambie
63%
Botswana
62%
Thaïlande
62%
Saint-Christophe-et-Niévès
60%
Sainte-Lucie
60%
Sri Lanka
60%
Tonga
60%
Fidji
58%
Grenade
58%
Malte
58%
Nauru
58%
Papouasie-Nouvelle-Guinée
58%
Amérique Antigua-et-Barbuda
56%
Mozambique
54%
Kiribati
52%
Salomon
52%
Maurice
50%
Népal
50%
Ouganda
50%
Dominique
48%
Seychelles
48%
Bhoutan
46%
Malawi
44%
Bahamas
42%
Maldives
42%
Timor Oriental
40%
Bruneï
38%
Guyana
38%
Suriname
38%
Chypre
33%
Îles Cook
12%
Niue
8%
Aucun quiz correspondant
Distribution des résultats
% des personnes avec chaque résultat
Percentile par nombre de réponses
Votre historique - résultats
Vous n’avez pas pris ce quiz